Tutti i marcatori della Serie A 2022/23 - Statistics

Statistiche generali
  • Questo quiz è stato fatto 87 volte
  • Il punteggio medio è 93 su 291
Statistiche sulle risposte
Giocatore Squadra Gol % Corretto
Lautaro Martínez Inter 21
100%
Victor Osimhen Napoli 26
98%
Rafael Leão Milan 15
95%
A. Lookman Atalanta 13
91%
Boulaye Dia Salernitana 16
91%
D. Zapata Atalanta 2
89%
O. Giroud Milan 13
89%
C. Immobile Lazio 12
86%
P. Dybala Roma 12
84%
R. Lukaku Inter 10
84%
D. Vlahovic Juventus 10
82%
D. Berardi Sassuolo 12
77%
K. Kvaratskhelia Napoli 12
77%
M. Politano Napoli 3
77%
E. Dzeko Inter 9
75%
R. Orsolini Bologna 11
75%
Agustín Álvarez Martínez Sassuolo 1
73%
M'Bala Nzola Spezia 13
73%
A. Zambo Anguissa Napoli 3
70%
F. Dimarco Inter 4
70%
M. Arnautovic Bologna 10
70%
N. Barella Inter 6
70%
Simone Bastoni Spezia 2
70%
G. Di Lorenzo Napoli 3
68%
S. Milinkovic-Savic Lazio 9
68%
L. Pellegrini Roma 4
66%
P. Pellegri Torino 2
66%
A. Sanabria Torino 12
64%
D. Frattesi Sassuolo 7
64%
M. Zaccagni Lazio 10
64%
T. Hernández Milan 4
64%
Bremer Juventus 4
61%
D. Dumfries Inter 1
61%
F. Chiesa Juventus 2
61%
L. Muriel Atalanta 3
61%
S. Lobotka Napoli 1
61%
Tammy Abraham Roma 8
61%
A. Pinamonti Sassuolo 5
59%
G. Mancini Roma 1
59%
G. Simeone Napoli 4
59%
H. Calhanoglu Inter 3
59%
Luis Alberto Lazio 6
59%
Fikayo Tomori Milan 1
57%
M. Pasalic Atalanta 5
57%
A. Milik Juventus 7
55%
D. Calabria Milan 1
55%
D. Zappacosta Atalanta 4
55%
G. Raspadori Napoli 2
55%
I. Ilic Torino 2
55%
M. de Roon Atalanta 3
55%
E. Elmas Napoli 6
52%
M. Djuric Verona 1
52%
Pablo Marí Monza 1
52%
S. de Vrij Inter 1
52%
S. El Shaarawy Roma 7
52%
Teun Koopmeiners Atalanta 10
52%
A. Candreva Salernitana 7
50%
A. Lauriente Sassuolo 7
50%
B. Cristante Roma 1
50%
F. Quagliarella Sampdoria 1
50%
Joshua Zirkzee Bologna 2
50%
Pedro Lazio 4
50%
P. Zielinski Napoli 3
50%
W. McKennie Juventus 1
50%
A. Buongiorno Torino 1
48%
A. Rabiot Juventus 8
48%
A. Rrahmani Napoli 2
48%
Danilo Juventus 3
48%
Dany Mota Monza 5
48%
H. Mkhitaryan Inter 3
48%
J. Correa Inter 3
48%
M. Darmian Inter 1
48%
M. Kean Juventus 6
48%
N. González Fiorentina 6
48%
A. Romagnoli Lazio 2
45%
F. Caputo Empoli 6
45%
F. Caputo Sampdoria 1
45%
Lorenzo Colombo Lecce 5
45%
R. Toloi Atalanta 2
45%
Felipe Anderson Lazio 9
43%
Joan Gonzàlez Lecce 1
43%
N. Zaniolo Roma 1
43%
Cyriel Dessers Cremonese 6
41%
Éderson Atalanta 1
41%
G. Caprari Monza 5
41%
L. Bonucci Juventus 1
41%
L. Jovic Fiorentina 6
41%
M. Olivera Napoli 2
41%
Zlatan Ibrahimovic Milan 1
41%
A. Saelemaekers Milan 2
39%
Daniel Maldini Spezia 2
39%
G. Deulofeu Udinese 2
39%
I. Bennacer Milan 2
39%
Juan Jesus Napoli 1
39%
L. Spinazzola Roma 1
39%
N. Rovella Monza 1
39%
Pierre Kalulu Milan 1
39%
R. Mandragora Fiorentina 2
39%
Sandi Lovric Udinese 5
39%
C. Biraghi Fiorentina 2
36%
Edoardo Bove Roma 1
36%
Kim Min-Jae Napoli 2
36%
Lewis Ferguson Bologna 7
36%
M. Pessina Monza 5
36%
Nicolò Cambiaghi Empoli 6
36%
N. Vlasic Torino 5
36%
R. Gosens Inter 3
36%
R. Piccoli Empoli 2
36%
Salvatore Esposito Spezia 1
36%
Samuele Ricci Torino 2
36%
S. Tonali Milan 2
36%
A. Petagna Monza 4
34%
Arthur Cabral Fiorentina 8
34%
Carlos Augusto Monza 6
34%
C. Smalling Roma 3
34%
D. Lazovic Verona 4
34%
Eldor Shomurodov Spezia 1
34%
F. Kostic Juventus 3
34%
H. Lozano Napoli 3
34%
M. Gabbiadini Sampdoria 7
34%
Nadir Zortea Atalanta 1
34%
Nadir Zortea Sassuolo 1
34%
N. Fagioli Juventus 3
34%
S. Posch Bologna 6
34%
S. Verdi Verona 5
34%
Tommaso Pobega Milan 2
34%
Á. Di María Juventus 4
32%
Beto Udinese 10
32%
C. Ngonge Verona 5
32%
D. Okereke Cremonese 7
32%
D. Verde Spezia 3
32%
Federico Baschirotto Lecce 3
32%
Giorgio Scalvini Atalanta 2
32%
Jonathan Ikoné Fiorentina 4
32%
Lucas Martínez Quarta Fiorentina 1
32%
A. Colpani Monza 4
30%
D. Ciofani Cremonese 8
30%
Dodô Fiorentina 1
30%
H. Hateboer Atalanta 1
30%
J. L. Palomino Atalanta 1
30%
L. De Silvestri Bologna 1
30%
Nicola Zalewski Roma 2
30%
R. Pereyra Udinese 5
30%
F. Bonazzoli Salernitana 2
27%
G. Bonaventura Fiorentina 5
27%
G. Gaetano Napoli 1
27%
J. Bijol Udinese 3
27%
K. Piatek Salernitana 4
27%
L. Paredes Juventus 1
27%
N. Moro Bologna 1
27%
Tommaso Baldanzi Empoli 4
27%
A. Barak Fiorentina 2
25%
C. Kouamé Fiorentina 4
25%
C. Lykogiannis Bologna 2
25%
Cristian Volpato Roma 1
25%
E. Gyasi Spezia 2
25%
E. Hysaj Lazio 1
25%
Fabiano Parisi Empoli 2
25%
G. Castrovilli Fiorentina 2
25%
G. Defrel Sassuolo 2
25%
M. Vecino Lazio 2
25%
Patrick Ciurria Monza 6
25%
P. Mazzocchi Salernitana 2
25%
Emil Holm Spezia 1
23%
F. Ballo-Toure Milan 1
23%
Johan Vásquez Cremonese 1
23%
Lameck Banda Lecce 2
23%
Lazar Samardzic Udinese 5
23%
L. Coulibaly Salernitana 3
23%
N. Milenkovic Fiorentina 2
23%
Rasmus Höjlund Atalanta 9
23%
A. Rebic Milan 3
20%
B. Díaz Milan 6
20%
Emanuele Valeri Cremonese 2
20%
Gian Marco Ferrari Sassuolo 1
20%
G. Strefezza Lecce 8
20%
J. Cuadrado Juventus 1
20%
M. Brozovic Inter 3
20%
M. Faraoni Verona 3
20%
R. Marin Empoli 2
20%
Roger Ibañez Roma 3
20%
Sebastiano Luperto Empoli 2
20%
Abdou Harroui Sassuolo 2
18%
A. Izzo Monza 1
18%
Charles Pickel Cremonese 1
18%
F. Djuricic Sampdoria 3
18%
Georgios Kyriakopoulos Bologna 1
18%
Georgios Kyriakopoulos Sassuolo 1
18%
G. Kastanos Salernitana 2
18%
J. Boga Atalanta 2
18%
Kingsley Ehizibue Udinese 2
18%
N. Sansone Bologna 4
18%
T. NDombele Napoli 1
18%
Alessandro Zanoli Napoli 2
16%
Alessandro Zanoli Sampdoria 2
16%
A. Miranchuk Torino 4
16%
F. Depaoli Verona 2
16%
F. Depaoli Sampdoria 2
16%
F. Fazio Salernitana 1
16%
F. Tsadjout Cremonese 3
16%
Iyenoma Udogie Udinese 3
16%
Junior Messias Milan 5
16%
Kristian Thorstvedt Sassuolo 2
16%
L. Caldirola Monza 2
16%
L. Sernicola Cremonese 2
16%
M. Aebischer Bologna 1
16%
Nedim Bajrami Sassuolo 2
16%
Nedim Bajrami Empoli 1
16%
N. Pérez Udinese 2
16%
N. Radonjic Torino 2
16%
Remi Oudin Lecce 3
16%
Samuel Iling-Junior Juventus 1
16%
S. Sensi Monza 3
16%
T. Augello Sampdoria 2
16%
A. Masina Udinese 2
14%
D. Origi Milan 2
14%
F. Di Francesco Lecce 2
14%
H. Nicolussi Caviglia Salernitana 1
14%
Jesé Rodríguez Ruiz Sampdoria 1
14%
K. Lasagna Verona 1
14%
M. Destro Empoli 1
14%
R. Soriano Bologna 1
14%
Thomas Henry Verona 2
14%
Y. Karamoh Torino 4
14%
G. Wijnaldum Roma 2
11%
Isaac Success Udinese 1
11%
J. Maehle Atalanta 3
11%
Joseph Alfred Duncan Fiorentina 1
11%
Josh Doig Verona 2
11%
K. Djidji Torino 1
11%
K. Linetty Torino 1
11%
M. Barrow Bologna 3
11%
M. Leris Sampdoria 1
11%
Nicolás Domínguez Bologna 3
11%
Nicolò Casale Lazio 1
11%
O. Colley Sampdoria 1
11%
Rodrigo Becão Udinese 2
11%
W. S. Singo Torino 2
11%
A. Ceesay Lecce 6
9%
C. Buonaiuto Cremonese 1
9%
E. Vignato Empoli 1
9%
F. Ranocchia Monza 1
9%
Lorenzo Pirola Salernitana 2
9%
Luka Romero Lazio 1
9%
Matheus Henrique Sassuolo 4
9%
M. Demiral Atalanta 1
9%
N. Matic Roma 2
9%
Ola Solbakken Roma 1
9%
P. Ghiglione Cremonese 1
9%
R. Malinovskiy Atalanta 1
9%
T. Arslan Udinese 1
9%
T. Basic Lazio 1
9%
T. Ebuehi Empoli 2
9%
Adolfo Gaich Verona 2
7%
E. Ampadu Spezia 1
7%
F. Bandinelli Empoli 2
7%
I. Nestorovski Udinese 2
7%
Janis Antiste Sassuolo 1
7%
Luka Lochoshvili Cremonese 1
7%
Marcos Antonio Lazio 1
7%
M. Bianchetti Cremonese 1
7%
M. Zeegelaar Udinese 1
7%
Pablo Galdames Cremonese 1
7%
P. Dawidowicz Verona 1
7%
Przemyslaw Wisniewski Spezia 1
7%
R. Saponara Fiorentina 4
7%
Sam Lammers Sampdoria 2
7%
Sam Lammers Empoli 1
7%
S. Lukic Torino 2
7%
A. Reca Spezia 1
5%
A. Terzic Fiorentina 1
5%
Bruno Amione Verona 1
5%
Bruno Amione Sampdoria 1
5%
C. Gytkjær Monza 1
5%
E. Botheim Salernitana 1
5%
F. Ceccherini Verona 2
5%
G. Donati Monza 1
5%
K. Günter Verona 1
5%
K. Günter Sampdoria 1
5%
Martín Satriano Empoli 2
5%
Matìas Soulè Malvano Juventus 1
5%
M. Bourabia Spezia 1
5%
N. Haas Empoli 1
5%
Ola Aina Torino 1
5%
T. Vilhena Salernitana 4
5%
W. Troost-Ekong Salernitana 1
5%
Alexis Blin Lecce 1
2%
A. Sabiri Sampdoria 2
2%
Dimitris Nikolaou Spezia 1
2%
J. Akpa Akpro Empoli 1
2%
Yayah Kallon Verona 1
2%
Nessun quiz corrispondente trovato
Distribuzione punteggi
Percentuale di utenti per punteggio
Percentile per numero di risposta
I tuoi punteggi nel tempo
Non hai fatto questo quiz